| 000 | 00958cam a2200253 i 4500 | ||
|---|---|---|---|
| 003 | SA-RiAUC | ||
| 005 | 20250413071958.0 | ||
| 008 | 250413s1989 su g 00000 ara c | ||
| 040 |
_aSA-RIMASH _bara _cSA-RiAUC _erda |
||
| 082 | 0 | 4 | _a253.901 |
| 090 |
_a253.901 _bك ب ا |
||
| 100 | 1 |
_aالكباشي، المكاشفي طه _eمؤلف. |
|
| 245 | 1 | 2 |
_aالذمة والحق والالتزام وتأثرها بالموت في الفقه الإسلامي / _cالمكاشفي طه الكباشي. |
| 250 | _aالطبعة الأولى. | ||
| 264 | 1 |
_aالرياض : _bمكتبة الحرمين، _c1989 |
|
| 300 |
_a614 صفحة ؛ _c24 سم |
||
| 336 |
_aنص _btxt _2rdacontent _3كتاب |
||
| 337 |
_aبدون وسيط _bn _2rdamedia |
||
| 338 |
_aمجلد _bnc _2rdacarrier |
||
| 650 | 7 |
_aالمواريث _2aucsh |
|
| 650 | 7 |
_aالمعاملات (فقه إسلامي) _2aucsh |
|
| 942 |
_2ddc _cBOOK _n0 |
||
| 949 |
_aSA-JeALM _d250413 _umohamedma123 _n1 |
||
| 999 |
_c6956 _d6956 |
||